| 000 | 00653nam a2200205 i 4500 | ||
|---|---|---|---|
| 001 | 146140 | ||
| 003 | ES-MaACL | ||
| 005 | 20240513205035.0 | ||
| 007 | t| | ||
| 008 | 070903s1966 sp ||||1| cat d | ||
| 080 | _a92 Mestres, Apeles | ||
| 100 | 1 |
_aTorres y Lloret, Francisco. _9111028 |
|
| 245 | 1 | 0 |
_aApel-Les, sóc aquí / _cFrancisco Torres Lloret ; próleg de Josep Miracle. |
| 260 |
_a[Tárrega : _bs.n], _c1966 ( _fCamps Calmet, imp.) |
||
| 300 |
_aI-X, 144 p. : _bil. ; _c24 cm. |
||
| 600 | 1 | 4 |
_aMestres, Apeles, _d1854-1936 _9140420 |
| 700 | 1 |
_aMiracle, Josep. _981471 |
|
| 852 |
_aES-MaACL _jC-33116 _bR.64058 |
||
| 999 |
_c146140 _d146140 |
||